01050nam a22002057a 45000010005000000030006000050050017000110080041000280400028000690500016000970820012001131000035001252450050001602600052002103000025002625050007002875200510002945210018008047000022008223633FISKH20240401132119.0240401b cb ||||| |||| 00| 0 eng d aFISK beng cFISKdFISK aPS3515.E37  a813.52  aHemingway Ernest d1899-1961  aThe old man and the sea / cErnest Hemingway  aLondon : bArcturus Publishing Limited, c2019  a109 pages : b21 cm  aS  aThe last novel Ernest Hemingway saw published, The Old Man and the Sea has proved itself to be one of the enduring works of American fiction. It is the story of an old Cuban fisherman and his supreme ordeal: a relentless, agonizing battle with a giant marlin far out in the Gulf Stream. Using the simple, powerful language of a fable, Hemingway takes the timeless themes of courage in the face of defeat and personal triumph won from loss and transforms them into a magnificent twentieth-century classic. 8 a940 bLexile  aErnest Hemingway